000 00444nam a2200169Ia 4500
008 230524s9999 xx 000 0 und d
020 _a8121928664
082 _a658.132
_bWAK
100 _aBharat Wakhlu
245 0 _aTotal Quality : Excellence through Organization-Wide Transformation
250 _a2ND
260 _aNEW DELHI
_bS.Chand
_c2009
300 _aXV;268
500 _aQuantity Number: 2
650 _aManagement
942 _cBK
999 _c45738
_d45738